| 000 | 00386nam a2200133Ia 4500 | ||
|---|---|---|---|
| 005 | 20260328104339.0 | ||
| 008 | 260328s9999||||xx |||||||||||||| ||und|| | ||
| 100 | _aGil, Gemma | ||
| 245 | 0 |
_a01 Art Decó : _b Guía de Edificios Art decó de Ciudad de Guatemala / _cGemma Gil |
|
| 260 | _bCentro Cultural de España en Guatemala | ||
| 300 | _a245 p. | ||
| 650 | _aART DECÓ | ||
| 942 | _cBK | ||
| 999 |
_c12036 _d12036 |
||